00325 a2200133 4500000002500000100001800025110001800043245002900061250001900090260002800109264002800137942000700165999001900172 nam a22 7a 4500 aNaik, C. D.  aNaik, C. D.  aYug dristha Dr. Ambedkar aLatest edition bAayu Publicationsc2021 bAayu Publicationsc2021 cBK c394262d394262